00373nam a2200133Ia 4500008004100000040001800041041000800059100002800067245003100095260004500126300001800171650002700189650002300216130821s1979 ck gr spa  aCo-BoUCMbspa aspa1 aIcaza, Jorged1906-1978 aEn las callescJorge Icaza aBogotá (Colombia)bPlaza y Janesc1979 a254 páginas04aLiteratura ecuatoriana04aNovela ecuatoriana